Slovník současných filosofů

Salvato in:
Dettagli Bibliografici
Autore principale: Nida-Rümelin, Julian
Natura: Libro
Lingua:ceco
Pubblicazione: Praha Garamond 2001
Soggetti:
Tags: Aggiungi Tag
Nessun Tag, puoi essere il primo ad aggiungerne!!

MARC

LEADER 00000nam$a2200000$$$4500
001 0044789
005 20221207102801.2
020 |a 80-86379-29-9 
041 0 |a cze 
044 |a CZ 
245 1 0 |a Slovník současných filosofů  |c Julian Nida-Rümelin 
264 1 |a Praha  |b Garamond  |c 2001 
300 |a 533 s. 
610 2 0 |a filozofia 
610 2 0 |a smery filozofické 
610 2 0 |a systémy filozofické 
100 1 |a Nida-Rümelin, Julian